| 000 | 00565nam a2200193Ia 4500 | ||
|---|---|---|---|
| 005 | 20250508151005.0 | ||
| 008 | 008 250505s9999 xx 000 0 eng d | ||
| 037 | _aTextual | ||
| 040 |
_aFEDL _beng _cFEDL |
||
| 041 |
_aeng _2eng |
||
| 084 |
_a155.2, ROB _qFEDL |
||
| 100 | _aRoback A. A. | ||
| 245 | 0 | _aPsychology of character with a survey of personality in general | |
| 260 |
_aLondon, UK _bRoutledge and Kegan Paul Limited _c1927 |
||
| 300 | _axxx,747p. | ||
| 650 | _aPersonality | ||
| 942 |
_cTEXL _h155.2, ROB |
||
| 999 |
_c1326901 _d1326901 |
||